000 00285nam a2200121Ia 4500
008 190216s9999||||xx |||||||||||||| ||und||
100 _aAbdulla T
245 0 _aBanking Theory And Practice
250 _a1st Ed.
260 _bMoohim Publicaion
_c1980
650 _aEconomics
942 _cBK
999 _c9667
_d9667